📖🕯 150 premiers mots "La Bag-Noz" - Statistiques

Statistiques générales
  • Ce quiz a Ă©tĂ© pris 11 fois
  • Le rĂ©sultat moyen est 82 sur 150
Statistiques - réponses
Mots % Correct
Ă 
100%
l'
100%
la
100%
Le
100%
le
100%
n'
100%
oĂą
100%
s'
100%
ce
88%
de
88%
est
88%
et
88%
mais
88%
pour
88%
qu'
88%
sa
88%
se
88%
y
88%
Il
75%
il
75%
lui
75%
quand
75%
son
75%
un
75%
une
75%
au-
63%
dans
63%
dessus
63%
en
63%
maison
63%
ne
63%
pas
63%
plus
63%
que
63%
sans
63%
si
63%
beau
50%
jamais
50%
jour
50%
mĂŞme
50%
père
50%
premier
50%
sur
50%
tĂŞte
50%
toujours
50%
toute
50%
vie.
50%
avait
38%
chanter
38%
était
38%
Gwendal
38%
jeune
38%
prendre
38%
soit
38%
travailler
38%
tue-
38%
vu
38%
Aussi
25%
chaque
25%
ciel
25%
dimanche,
25%
église
25%
enfance
25%
eut
25%
famille
25%
fut
25%
messe.
25%
relâche,
25%
rendait
25%
âge,
13%
champ
13%
devenir
13%
ferme
13%
grand.
13%
marin.
13%
peine
13%
place,
13%
pont. ...
13%
port
13%
proche.
13%
rien
13%
Très
13%
vécu
13%
bonheur
0%
bordait
0%
décidé
0%
différent.
0%
embarquement
0%
minuscule
0%
monde
0%
parcourrait
0%
partit,
0%
privait
0%
promis
0%
refusa
0%
relève
0%
resterait
0%
rĂŞvait
0%
sautillant
0%
tant
0%
tĂ´t,
0%
voisine
0%
voyagerait,
0%
Aucun quiz correspondant
Distribution des résultats
% des personnes avec chaque résultat
Percentile par nombre de réponses
Votre historique - résultats
Vous n’avez pas pris ce quiz